| Поле | Инд. | ПП | Название | Значение |
|---|---|---|---|---|
| Тип записи | a | |||
| Библиографический уровень | b | |||
| 001 | Контрольный номер | RU/IS/BASE/264554038 | ||
| 005 | Дата корректировки | 20200522190626.3 | ||
| 008 | Кодируемые данные | 19970606 | ||
| 084 | a | Индекс другой классификации/Индекс ББК | 63.3(2)513ю14; 86.372.24-3ю14 | |
| 097 | 00 | a | 700 | |
| 100 | 10 | a | Автор | Августин, архимандрит (Никитин Д. Е.) |
| 245 | 00 | a | Заглавие | Православный Петербург в записках иностранцев |
| 504 | 00 | a | Библиография | Примеч.: с. 46 - 47 |
| 520 | 00 | a | Аннотация | Начальная глава труда, в котором собраны и систематизированы впечатления иноземных путешественников о православной церкви города на Неве, опубликованные на страницах дореволюционных журналов |
| 650 | 04 | a | Основная рубрика | история |
| a | Основная рубрика | православие | ||
| a | Основная рубрика | религиоведение; история религии | ||
| a | Основная рубрика | религия | ||
| a | Основная рубрика | русская православная церковь | ||
| 653 | 00 | a | Ключевые слова | XIX век |
| a | Ключевые слова | XVIII век | ||
| a | Ключевые слова | богослужение | ||
| a | Ключевые слова | история церкви | ||
| a | Ключевые слова | Кронштадт | ||
| a | Ключевые слова | религиозные обряды | ||
| a | Ключевые слова | религиозные ритуалы | ||
| a | Ключевые слова | Россия | ||
| a | Ключевые слова | Санкт-Петербург | ||
| a | Ключевые слова | церковные ритуалы | ||
| 773 | 00 | t | Заглавие источника | Памятники Отечества |
| d | Дата издания источника | 1995 | ||
| g | Прочая информация | № 34 (3 - 4). - С. 36 - 47 : фотоил. | ||
| w | Контрольный № источника | RU/IS/BASE/142436424 | ||
| 901 | t | Тип документа | b |